000 00564nam a2200205Ia 4500
003 OSt
005 20230502110657.0
008 210423s2002 xx 000 0 und d
020 _a8183712069
040 _cAL
041 _aeng
082 _a574.192 NAGS
100 _aNAGINI (S).
_995828
245 _aTextbook of biochemistry: molecular and clinical aspects.
260 _aChennai
_bScitech Publication
_c2002
300 _a32.8,I.18
_bPB
365 _b450
_cINR
906 _aaspects. ; biochemistry: ; clinical ; molecular ; Textbook
942 _2ddc
_cBK
999 _c162948
_d162948